00000000nam 2200000zi 4500
0019.922836
003CaOODSP
00520250903101551
006m     o  d f      
007cr |||||||||||
008230517t20252025quca    of   f00| 0 fre d
020 |a9780660487786
040 |aCaOODSP|bfre|erda|cCaOODSP
043 |an-cn---
0861 |aEn84-335/2025F-PDF
24500|aGuide de référence sur l'analyse et la production de rapports du Réseau canadien de biosurveillance aquatique.
264 1|a[Gatineau, QC] : |bEnvironnement et Changement climatique Canada = Environment and Climate Change Canada,|c2025.
264 4|c©2025
300 |a1 ressource en ligne (i, 22 pages) : |billustrations
336 |atexte|btxt|2rdacontent/fre
337 |ainformatique|bc|2rdamedia/fre
338 |aressource en ligne|bcr|2rdacarrier/fre
500 |aPublié aussi en anglais sous le titre : Canadian Aquatic Biomonitoring Network analysis and reporting handbook.
520 |a« L’objectif principal du présent document est d’aider à utiliser les outils d’analyse et de production de rapports du RCBA pour les données saisies dans la base de données »--Introduction, page 1.
61026|aRéseau canadien de biosurveillance aquatique.
650 6|aHabitats aquatiques|xSurveillance|zCanada|vGuides, manuels, etc.
650 6|aBases de données|xGestion|zCanada|vGuides, manuels, etc.
7101 |aCanada. |bEnvironnement et changement climatique Canada, |eorganisme de publication.
77508|tCanadian Aquatic Biomonitoring Network analysis and reporting handbook.|w(CaOODSP)9.922834
85640|qPDF|s2.49 Mo|uhttps://publications.gc.ca/collections/collection_2025/eccc/En84-335-2025-fra.pdf
986 |aEC24016